Journal of urban history
Gespeichert in:
| Format: | Schriftenreihe |
|---|---|
| Sprache: | Englisch |
| Veröffentlicht: |
Thousand Oaks
SAGE Publ.
1996
|
| Schlagworte: | |
| Tags: |
Keine Tags, Fügen Sie das erste Tag hinzu!
|
MARC
| LEADER | 00000nas2a2200000 4500 | ||
|---|---|---|---|
| 001 | s107357 | ||
| 005 | 20221221070928.0 | ||
| 041 | 0 | |a eng | |
| 044 | |a US | ||
| 245 | 1 | 0 | |a Journal of urban history |
| 264 | 1 | |a Thousand Oaks |b SAGE Publ. |c 1996 | |
| 300 | |a 1 zv. | ||
| 773 | 0 | |w eu_un_cat*s120152 | |
| 610 | 2 | 0 | |a urbanizácia |
| 610 | 2 | 0 | |a história |